| 000 | 00932nas a2200289 4500 | ||
|---|---|---|---|
| 001 | BR2014002919 | ||
| 003 | BR-BrBNA | ||
| 005 | 20231205124018.0 | ||
| 007 | ta | ||
| 008 | 230509b bl.|||p| |||| 00| 00por d | ||
| 040 |
_aBR-BrBNA _bpor _cBiblioteca Nacional de Agricultura |
||
| 041 | _a(Pt) | ||
| 072 | _aQ52 | ||
| 100 | 1 | _aBattaglini, A.P.P. | |
| 100 | 1 | _aBeloti, V. | |
| 100 | 1 | _aFagnani, R. | |
| 100 | 1 | _aTamanini, R. | |
| 100 | 1 | _aDunga, K. da S. | |
| 245 | 1 | _aCaracterização físico-química e microbiológica do leite bovino instável não ácido em função das estações do ano | |
| 650 | _aGADO LEITEIRO | ||
| 650 | _aMICROBIOLOGIA | ||
| 650 | _aLEITE | ||
| 650 | _aPROPRIEDADE FÍSICO-QUÍMICA | ||
| 773 | 0 |
_tRevista Brasileira de Medicina Veterinária (Brazil) _xISSN 0100-2430 _g(Jan-Mar 2013), v. 35(1) p. 26-32 _wBR2014002919 |
|
| 909 |
_a202311 _bLúcia _c55 _dLúcia Elande |
||
| 942 |
_2AGRIS _n0 _cANA |
||
| 999 |
_c236896 _d236896 |
||